Normal view MARC view
  • Biochemistry Protocols

Entry Uniform Title

Number of records used in: 3

001 - CONTROL NUMBER

  • control field: 6360

003 - CONTROL NUMBER IDENTIFIER

  • control field: NUST

005 - DATE AND TIME OF LATEST TRANSACTION

  • control field: 20171115094551.0

008 - FIXED-LENGTH DATA ELEMENTS

  • fixed length control field: 171115|| aca||aabn | a|a d

040 ## - CATALOGING SOURCE

  • Original cataloging agency: NUST
  • Transcribing agency: NUST

130 ## - HEADING--UNIFORM TITLE

  • Uniform title: Biochemistry Protocols

670 ## - SOURCE DATA FOUND

  • Source citation: Work cat.: (NUST)17038: Markus R Wenk 784, A manual for Biochemistry protocols, c2007
© 2023 Central Library, National University of Sciences and Technology. All Rights Reserved.